| 000 | 01298nam a22002657a 4500 | ||
|---|---|---|---|
| 001 | 121300 | ||
| 008 | 160218s xxk|||||o|||| 00| 0 eng d | ||
| 020 | _a 9781783210473 | ||
| 041 | _aeng | ||
| 110 | _aRoyal Institution of Chartered Surveyors | ||
| 245 |
_aValuation of development land, _bRICS guidance note, Hong Kong: HKGN 1 _h[Electronic resource] |
||
| 250 | _a1st | ||
| 260 |
_aLondon, _bRoyal Institution of Chartered Surveyors, _cMay 2014 |
||
| 300 | _a24p | ||
| 490 | _aRICS guidance note, | ||
| 520 | _aThis guidance note discusses the approach to the valuation of property where the proposed development is of a cleared, or greenfield, site, or where the site is to be redeveloped by removing all, or substantially all, of the existing buildings and constructing new buildings. These various scenarios are referred to throughout as ‘development land’ | ||
| 650 | _aValuation | ||
| 650 | _aDevelopment Land | ||
| 650 | _aHong Kong | ||
| 651 | _aHong Kong | ||
| 690 |
_96273 _aValuation |
||
| 710 | _aRoyal Institution of Chartered Surveyors | ||
| 856 |
_uhttps://www.rics.org/globalassets/rics-website/media/upholding-professional-standards/sector-standards/valuation/valuation-of-development-land-hong-kong-first-edition _zAvailable free on RICS.org |
||
| 942 | _n0 | ||
| 999 |
_c121300 _d121300 |
||